<?xml version="1.0" encoding="UTF-8"?>
<record
    xmlns:xsi="http://www.w3.org/2001/XMLSchema-instance"
    xsi:schemaLocation="http://www.loc.gov/MARC21/slim http://www.loc.gov/standards/marcxml/schema/MARC21slim.xsd"
    xmlns="http://www.loc.gov/MARC21/slim">

  <leader>01970nam a2200325 i 4500</leader>
  <controlfield tag="003">DO-SdBNP</controlfield>
  <controlfield tag="005">20250616110620.0</controlfield>
  <controlfield tag="007">ta</controlfield>
  <controlfield tag="008">100322s2019    dr    c    000 0 spa d</controlfield>
  <datafield tag="020" ind1=" " ind2=" ">
    <subfield code="a">9789945804201</subfield>
  </datafield>
  <datafield tag="040" ind1=" " ind2=" ">
    <subfield code="a">DO-SdBNP</subfield>
    <subfield code="b">spa</subfield>
    <subfield code="c">BNPHU</subfield>
    <subfield code="e">rda</subfield>
  </datafield>
  <datafield tag="041" ind1=" " ind2=" ">
    <subfield code="a">spa</subfield>
  </datafield>
  <datafield tag="082" ind1=" " ind2="4">
    <subfield code="a">xxx</subfield>
    <subfield code="b">M516a 2019</subfield>
    <subfield code="2">22</subfield>
  </datafield>
  <datafield tag="100" ind1="1" ind2=" ">
    <subfield code="a">Rosario, Reina</subfield>
    <subfield code="e">autor</subfield>
    <subfield code="4">aut.</subfield>
    <subfield code="9">37920</subfield>
    <subfield code="q">Rosario Fern&#xE1;ndez, Reina Cristina</subfield>
  </datafield>
  <datafield tag="245" ind1="1" ind2="0">
    <subfield code="a">Aportes de Abiga&#xED;l Mej&#xED;a a la historiograf&#xED;a dominicana :</subfield>
    <subfield code="b">una feminista volando alto con las alas de Cl&#xED;o /</subfield>
    <subfield code="c">Reina Rosario</subfield>
  </datafield>
  <datafield tag="250" ind1=" " ind2=" ">
    <subfield code="a">Segunda edici&#xF3;n </subfield>
  </datafield>
  <datafield tag="264" ind1=" " ind2="4">
    <subfield code="a">Santo Domingo, Rep&#xFA;blica Dominicana :</subfield>
    <subfield code="b">Cocolo Editorial,</subfield>
    <subfield code="c">&#xA9;2019.</subfield>
  </datafield>
  <datafield tag="300" ind1=" " ind2=" ">
    <subfield code="a">129 p&#xE1;ginas :</subfield>
    <subfield code="b">ilustraciones retratos ;</subfield>
    <subfield code="c">23 cm.</subfield>
  </datafield>
  <datafield tag="336" ind1=" " ind2=" ">
    <subfield code="a">texto</subfield>
    <subfield code="b">txt</subfield>
    <subfield code="2">rdacontent</subfield>
  </datafield>
  <datafield tag="337" ind1=" " ind2=" ">
    <subfield code="a">sin mediaci&#xF3;n</subfield>
    <subfield code="b">n</subfield>
    <subfield code="2">rdamedia</subfield>
  </datafield>
  <datafield tag="338" ind1=" " ind2=" ">
    <subfield code="a">volumen</subfield>
    <subfield code="b">nc</subfield>
    <subfield code="2">rdacarrier</subfield>
  </datafield>
  <datafield tag="500" ind1=" " ind2=" ">
    <subfield code="a">Incluye datos biogr&#xE1;ficos de la autora.</subfield>
  </datafield>
  <datafield tag="500" ind1=" " ind2=" ">
    <subfield code="a">Incluye notas a pie de paginas.</subfield>
  </datafield>
  <datafield tag="500" ind1=" " ind2=" ">
    <subfield code="a">Discurso de Ingreso como miembro correspondiente nacional    de la Academia Dominicana de la Historia.</subfield>
  </datafield>
  <datafield tag="504" ind1=" " ind2=" ">
    <subfield code="a">Bibliograf&#xED;a : paginas 98-100</subfield>
  </datafield>
  <datafield tag="505" ind1=" " ind2=" ">
    <subfield code="a">Gratitud, 11. -- Presentaci&#xF3;n, 13 -- Para empezar, 19.-- Exordio, 23.-- Aportes de Abiga&#xED;l Mej&#xED;a a la historiograf&#xED;a dominicana, 30.-- Abiga&#xED;l Mej&#xED;a: patriota, escritora y educadora, 30.-- Abiga&#xED;l Mej&#xED;a: patriota, 37.-- Abiga&#xED;l Mej&#xED;a: escritora, 40.-- Abiga&#xED;l Mej&#xED;a: educadora, 41.-- Impronta de Abiga&#xED;l Mej&#xED;a como pionera del feminismo dominicano, 44.-- Abiga&#xED;l volando alto con las alas de Cl&#xED;o, 85.-- La biograf&#xED;a del Padre Meri&#xF1;o escrita por Abiga&#xED;l Mej&#xED;a, 61.-- Abiga&#xED;l Mej&#xED;a, miembro de n&#xFA;mero del Instituto de Investigaciones Hist&#xF3;ricas, Silla S, 85.-- El Instituto de Investigaciones Hist&#xF3;ricas, 90.-- A modo de conclusi&#xF3;n, 96.-- Bibliograf&#xED;a, 98.-- Datos biogr&#xE1;ficos de Reina Cristina Rosario Fern&#xE1;ndez, 101. -- Anexos.</subfield>
  </datafield>
  <datafield tag="590" ind1=" " ind2=" ">
    <subfield code="a">Inventariado, 2021/ YL</subfield>
  </datafield>
  <datafield tag="910" ind1=" " ind2=" ">
    <subfield code="a">YLockward</subfield>
  </datafield>
  <datafield tag="942" ind1=" " ind2=" ">
    <subfield code="2">ddc</subfield>
    <subfield code="c">LBS1</subfield>
  </datafield>
  <datafield tag="952" ind1=" " ind2=" ">
    <subfield code="0">0</subfield>
    <subfield code="1">0</subfield>
    <subfield code="2">ddc</subfield>
    <subfield code="5">1</subfield>
    <subfield code="7">0</subfield>
    <subfield code="8">PD</subfield>
    <subfield code="a">BNPHU</subfield>
    <subfield code="b">BNPHU</subfield>
    <subfield code="c">CT</subfield>
    <subfield code="d">2019-07-04</subfield>
    <subfield code="e">Dep&#xF3;sito Legal</subfield>
    <subfield code="o">xxx M516a 2019</subfield>
    <subfield code="p">2021-1094</subfield>
    <subfield code="r">2021-03-22</subfield>
    <subfield code="w">2021-03-22</subfield>
    <subfield code="y">LBS1</subfield>
  </datafield>
  <datafield tag="952" ind1=" " ind2=" ">
    <subfield code="0">0</subfield>
    <subfield code="1">0</subfield>
    <subfield code="2">ddc</subfield>
    <subfield code="5">1</subfield>
    <subfield code="7">0</subfield>
    <subfield code="8">PD</subfield>
    <subfield code="a">BNPHU</subfield>
    <subfield code="b">BNPHU</subfield>
    <subfield code="c">CT</subfield>
    <subfield code="d">2019-07-04</subfield>
    <subfield code="e">Dep&#xF3;sito Legal</subfield>
    <subfield code="o">xxx M516a 2019</subfield>
    <subfield code="p">2021-1095</subfield>
    <subfield code="r">2021-03-22</subfield>
    <subfield code="t">e.2</subfield>
    <subfield code="w">2021-03-22</subfield>
    <subfield code="y">LBS1</subfield>
  </datafield>
  <datafield tag="952" ind1=" " ind2=" ">
    <subfield code="0">0</subfield>
    <subfield code="1">0</subfield>
    <subfield code="2">ddc</subfield>
    <subfield code="5">6</subfield>
    <subfield code="7">0</subfield>
    <subfield code="8">DS</subfield>
    <subfield code="a">BNPHU</subfield>
    <subfield code="b">BNPHU</subfield>
    <subfield code="c">CT</subfield>
    <subfield code="d">2019-07-04</subfield>
    <subfield code="e">Dep&#xF3;sito Legal</subfield>
    <subfield code="o">xxx M516a 2019</subfield>
    <subfield code="p">2021-1096</subfield>
    <subfield code="r">2021-03-22</subfield>
    <subfield code="t">e.3</subfield>
    <subfield code="w">2021-03-22</subfield>
    <subfield code="y">LBS1</subfield>
  </datafield>
  <datafield tag="952" ind1=" " ind2=" ">
    <subfield code="0">0</subfield>
    <subfield code="1">0</subfield>
    <subfield code="2">ddc</subfield>
    <subfield code="5">6</subfield>
    <subfield code="7">0</subfield>
    <subfield code="8">DS</subfield>
    <subfield code="a">BNPHU</subfield>
    <subfield code="b">BNPHU</subfield>
    <subfield code="c">CT</subfield>
    <subfield code="d">2022-06-22</subfield>
    <subfield code="e">Donaci&#xF3;n</subfield>
    <subfield code="l">0</subfield>
    <subfield code="o">xxx M516a 2019</subfield>
    <subfield code="p">2022-3149</subfield>
    <subfield code="r">2022-06-22</subfield>
    <subfield code="t">e.4</subfield>
    <subfield code="w">2022-06-22</subfield>
    <subfield code="y">LBS1</subfield>
    <subfield code="z">Dedicado a la biblioteca por la autora.</subfield>
  </datafield>
  <datafield tag="952" ind1=" " ind2=" ">
    <subfield code="0">0</subfield>
    <subfield code="1">0</subfield>
    <subfield code="2">ddc</subfield>
    <subfield code="5">6</subfield>
    <subfield code="7">0</subfield>
    <subfield code="8">DS</subfield>
    <subfield code="a">BNPHU</subfield>
    <subfield code="b">BNPHU</subfield>
    <subfield code="c">CT</subfield>
    <subfield code="d">2025-03-20</subfield>
    <subfield code="e">Donaci&#xF3;n</subfield>
    <subfield code="l">0</subfield>
    <subfield code="o">xxx M516a 2019</subfield>
    <subfield code="p">2025-3554</subfield>
    <subfield code="r">2025-04-23</subfield>
    <subfield code="t">e.5</subfield>
    <subfield code="w">2025-04-23</subfield>
    <subfield code="y">LBS1</subfield>
  </datafield>
  <datafield tag="999" ind1=" " ind2=" ">
    <subfield code="c">49649</subfield>
    <subfield code="d">49649</subfield>
  </datafield>
</record>
